| 000 | 00631nam a22002057a 4500 | ||
|---|---|---|---|
| 008 | 150330b xxu||||| |||| 00| 0 eng d | ||
| 020 | _a9780071780544 (pbk. : alk. paper) | ||
| 020 | _a0071780548 (pbk.) | ||
| 020 | _a9780071780551(ebook) | ||
| 040 | 0 | _aeng | |
| 080 | _a13 | ||
| 100 | 1 | _aNewman, Micah. | |
| 245 | 1 | 0 |
_aMcgraw-hill's 500 philosophy questions : _cMicah Newman and Tim Bos. |
| 246 | 3 | _aMcgraw-hill's five hundred philosophy questions | |
| 260 |
_aNew York : _bMcGraw-Hill, _c2012. |
||
| 300 |
_a193 f.: _c23 cm. |
||
| 650 | 0 | _aFilozofi | |
| 700 | 1 | _aBos, Timothy J. | |
| 942 |
_2udc _cBK |
||
| 999 |
_c618 _d618 |
||